000 00762nam a22002177a 4500
005 20170124105943.0
010 _aA-861939
020 _c24.00
035 _aA-861939
037 _bCen Lib/Ret
040 _aDPL
_bEN
082 _a302.17
_bGUP
100 _aGupta, M. K
_911773
245 _aHow to overcome fear :
_cby M. K. Gupta
_btips for removing fear, anxieties, worries, nervousness and phobia /
260 _aDelhi
_bPustak Mahal
270 _a6686, Khari Baoli
_bDelhi
_e110006
300 _a80p. :
_c21cm(Hb)
_bill
650 _aPhysiological reaction of fear
_911774
650 _aBehavioural responses of fear
_911775
942 _2ddc
_cEN
_h302.17
_mGUP
999 _c124733
_d124733